Number Click Quiz 1-10 - Statistics

General Stats
  • This quiz has been taken 78 times
  • The average score is 5 of 10
Answer Stats
Hint Explanation Answer % Correct
How Many Times Did The Titanic Sink? 1
90%
Number Of Vowels In The Alphabet? (Excluding Y and W) 5
69%
Colors In The Rainbow? 7
69%
How Many Countries Start With Z? Zambia and Zimbabwe 2
67%
How Many Planets Are in The Solar System? Pluto is not a planet 8
65%
Innings In A Baseball Game? 9
52%
How Many Continents Have Snakes? Only Antarctica doesn't 6
44%
How Much Faster Does A Fingernail Grow Than Toenail? 3
33%
How Many Times You Could California Fit in Alaska? 4
25%
How Many Countries Border Brazil? 10
23%
No matching quizzes found
Score Distribution
Percent of People with Each Score
Percentile by Number Answered
Your Score History
You have not taken this quiz